Statistiques concernant Quiz Départements Hauts-de-France

Cliquez ici pour prendre le quiz!

Statistiques générales

  • Ce quiz a été pris 57 fois
  • Le résultat moyen est 4 sur 5

Statistiques - réponses

QuestionRéponse% Correct
Ville du Pas-de-Calais la plus proche de Douvres en AngleterreCalais
96%
Célèbres friandises de Cambrai dans le NordBêtises
94%
Parc d'attractions d'un Héros de BD situé a Plailly dans l'OiseAstérix
88%
Un animal qu'on peut voir dans la baie de SommePhoque
79%
Ville de Naissance de Philippe Etchebest dans l'AisneSoissons
31%

Distribution des résultats

Percentile par nombre de réponses

% des personnes avec chaque résultat

Votre développement - résultats

Vous n’avez pas pris ce quiz